El lenguaje

Zapisane w:
Opis bibliograficzny
1. autor: Merani, Alberto L. (autor)
Format: Książka
Język:hiszpański
Wydane: Ciudad de México Grijalbo 1979
Wydanie:1a. ed
Seria:Colección Pedagógica
Hasła przedmiotowe:
Etykiety: Dodaj etykietę
Nie ma etykietki, Dołącz pierwszą etykiete!

MARC

LEADER 00000nam a2200000 a 4500
001 UCJ2836
003 CL-VaPUC
008 070119e19790000MX |||||||||||||||||spa|d
020 |a 9684191103 
082 0 4 |a 153.42  |b MER  |2 21 
100 |a Merani, Alberto L.  |e autor  |9 549989 
245 1 3 |a El lenguaje 
250 |a 1a. ed 
300 |a 154 p 
942 |c BK 
945 |d 20070119 00:00:00  |a jtorresc 
260 |a Ciudad de México  |b Grijalbo  |c 1979 
500 |a Donación de la Dra. Marianne Peronard Thierry 
650 0 |a Lenguaje   |9 265069 
650 0 |a Lingüística  |9 265068 
650 0 |a Desarrollo del lenguaje   |9 311270 
583 |a last modification  |c 20070119 00:00:00  |k Rodrigo Vera 
490 0 |a Colección Pedagógica 
999 |c 318965  |d 318963 
952 |0 0  |1 0  |4 0  |6 153_420000000000000_MER_1979  |7 0  |8 A  |9 397184  |a FDOPOS  |b FDOPOS  |d 2019-11-22  |i 4316452  |o 153.42 MER 1979  |p 4316452  |r 2025-01-22  |w 2019-11-22  |y BK  |k MLA